000 01390nam a2200397 i 4500
001 68836
003 Mx-PuUPA
005 20221118113324.0
008 221014s2006 mx a gr 000 0 spa d
020 _a9789706889010
020 _a9789706889423
_qde la colección Los piratas de El barco de vapor
040 _aMx-PuUPA
_bspa
_cMx-PuUPA
_dMx-PuUPA
_erda
041 0 _aspa
100 1 _910749
_aCermeño, Xosé,
_d1959-
_eautor
245 1 0 _a¡Mi tía es verde! /
_cXosé Cermeño ; ilustraciones de Avi
250 _aPrimera edición
264 1 _aMéxico, D. F. :
_bSM de Ediciones,
_c2006
300 _a30 páginas sin numerar :
_bilustraciones ;
_c19 cm
336 _2rdacontent
_atexto
_btxt
336 _2rdacontent
_aimagen fija
_bsti
337 _2rdamedia
_asin medio
_bn
338 _2rdacarrier
_avolumen
_bnc
490 1 _aEl barco de vapor. Los piratas ;
_v1 M
521 0 _aPara empezar a leer.
650 7 _2armarc
_aTías
_xLiteratura infantil
650 7 _2armarc
_aCuentos infantiles
650 7 _2armarc
_aIgualdad
_xLiteratura infantil
650 7 _2armarc
_aTolerancia
_xLiteratura infantil
700 1 _aAvi,
_eilustrador
830 0 _aBarco de vapor
_pLos piratas
_v1 M
942 _2ddc
_cLI
_h808.0683
_iB261
999 _c68836
_d68836